000 01860cam a22004457a 4500
001 000034906
003 CHAP
005 20241112062702.0
008 971013s1995 r 10010 d
010 _a33852
011 _a34824
035 _a38940
040 _cCHAP
082 0 4 _a338.180972
_bS4
111 0 0 _aSeminario Nacional de Alternativas para la Economía Mexicana (Módulo XV)
_d(1993
_c: Chapingo, Méx.)
_9104204
245 1 0 _aAlternativas para el sector agropecuario, forestal pesquero; situación y desarrollo en un modelo alternativo :
_b: memoria.
260 _aChapingo, Méx. :
_bUACH. Centro de Investigaciones Económicas, Sociales y Tecnológicas de la Agroindustria y de la Agricultura Mundial,
_c1995.
300 _a459 p.
590 _aBATCH-UPD
_b10
_c20130110
_lUCH01
_h1007
590 _aBATCH-UPD
_b10
_c20130410
_lUCH01
_h0617
590 _aBATCH-UPD
_b10
_c20130913
_lUCH01
_h2218
590 _aCONVERSION
_b10
_c20130109
_lUCH01
_h1319
590 _aE5995AHE
_b05
_c20150220
_lUCH01
_h0841
650 1 4 _aAgricultura sustentable.
650 1 4 _aExportación e importación
_zMéxico.
_939119
650 1 4 _aPolítica agrícola
_zMéxico.
650 1 4 _aPolítica forestal
_zMéxico.
_990610
650 1 4 _aPolítica piscícola.
_990691
650 1 4 _aProductos agrícolas
_xMercadeo
_zMéxico.
_991999
650 1 4 _aTratado Trilateral de Libre Comercio.
700 1 _aGómez Cruz, Manuel Ángel
_949661
700 1 _aSchwentesius Rindermann, Rita
_9103302
901 _aBK
942 _cLIBRO
942 _n0
949 _a338.180972 S4
_bBC
_cCONG
_d-89021
_eCONG
_h87841
_i38940
_si
949 _a338.180972 S4
_bBC
_cLIBRO
_d33724000855326
_eLIBRO
_fc.4
_h101422
_i38940
_si
949 _a338.180972 S4
_bBC
_cLIBRO
_d33724000855383
_eLIBRO
_fc.3
_h101421
_i38940
_si
949 _a338.180972 S4
_bBC
_cUACH
_d-101930
_eUACH
_fc.2
_h88037
_i38940
_mD
_si
999 _c33852
_d33852